000 00485nam a2200181Ia 4500
003 GCL
008 140319s9999 xx 000 0 ara d
040 _aGCL /
_cGCL
082 0 4 _aط
_b813.01
_bم م
100 1 _aمكتبة العبيكان
245 1 0 _aالمهر والجدول /
_cمكتبة العبيكان
300 _a16 ص
490 _aاجمل القصص
_v0
650 0 4 _aالاطفال
650 0 4 _aالقصص
650 0 4 _aقصص الاطفال
942 _2ddc
_cBK
999 _c51294
_d51294